Sus mejores poemas

Wedi'i Gadw mewn:
Manylion Llyfryddiaeth
Prif Awdur: Cuadra, Manolo
Fformat: Llyfr
Iaith:Undetermined
Cyhoeddwyd: Managua, Nicaragua Club del Libro Nicaragüense 1962
Pynciau:
Tagiau: Ychwanegu Tag
Dim Tagiau, Byddwch y cyntaf i dagio'r cofnod hwn!

MARC

LEADER 00000nam a2200000Ia 4500
008 170316s9999 xx 000 0 und d
040 |a cru BVZT 
090 |a 860 C-48s 
100 |a Cuadra, Manolo 
245 |a Sus mejores poemas 
260 |a Managua, Nicaragua 
260 |b Club del Libro Nicaragüense 
260 |c 1962 
300 |a 59páginas 
650 |a LITERATURA LATINOAMERICANA 
999 |c 8567  |d 8567 
942 |c 15 D  |h 860 C-48s  |2 z